Towards a unified world Islamic calendar : the Penang declaration and world comperence report

Bibliographic Details
Other Authors: Zhari Ismail
Format: Book
Published: Pulau Pinang : USM/OIC , 1992
Subjects:

MARC

LEADER 00000cam a2200000 7i4500
001 0000004865
002 000005246
005 20100616.0
020 |a 9839700146 
090 0 0 |a 529.327   |b TOW 
245 1 0 |a Towards a unified world Islamic calendar :   |b the Penang declaration and world comperence report   |c edited by Mohammd Ilyas and Zhari Ismail 
260 |a Pulau Pinang :   |b USM/OIC ,   |c 1992 
300 |a 181p. ;   |c 21cm. 
650 0 0 |a Astronomy   |x Religious aspects   |x Islam   |x Congresses 
650 0 0 |a Calendar, Islamic   |x Congresses 
700 0 |a Zhari Ismail 
999 |a 034779   |b BUKU   |c PINJAMAN   |e PERPUSTAKAAN KOMUNITI PETALING JAYA 
999 |a 034780   |b BUKU   |c PINJAMAN   |e PERPUSTAKAAN KOMUNITI PETALING JAYA